Občan a verejná správa

Gespeichert in:
Bibliographische Detailangaben
1. Verfasser: Machajová, Jozefína
Format: Buch
Sprache:Slowakisch
Veröffentlicht: Bratislava Nadácia Občan a demokracia 2000
Schlagworte:
Tags: Tag hinzufügen
Keine Tags, Fügen Sie das erste Tag hinzu!

MARC

LEADER 00000nam a2200000 4500
001 c127805
005 20221123133221.0
020 |a 80-968528-0-9 
041 0 |a slo 
044 |a SK 
245 1 0 |a Občan a verejná správa  |c Jozefína Machajová a kolektív 
264 1 |a Bratislava  |b Nadácia Občan a demokracia  |c 2000 
300 |a 328 s. 
610 2 0 |a správa verejná 
610 2 0 |a občania 
610 2 0 |a moc výkonná 
610 2 0 |a moc štátna 
610 2 0 |a právo správne 
610 2 0 |a správa štátna 
610 2 0 |a orgány štátne 
610 2 0 |a samospráva 
610 2 0 |a zamestnanci štátni 
610 2 0 |a kontrola verejná 
610 2 0 |a zodpovednosť právna 
610 2 0 |a komunikácia marketingová 
100 1 |a Machajová, Jozefína